| Tag |
First Indicator |
Second Indicator |
Subfields |
| LEADER |
00000pam a2200000 a 4500 |
| 001 |
in00000084809 |
| 005 |
20151008053228.0 |
| 008 |
810313s1981 dcu b 00010 eng |
| 010 |
|
|
|a 81004596
|
| 020 |
|
|
|a 0815759878 (pbk.)
|
| 035 |
|
|
|a (OCoLC)07554083
|
| 035 |
|
|
|9 AAH6734AM
|
| 039 |
0 |
|
|a 2
|b 3
|c 3
|d 3
|e 3
|
| 040 |
|
|
|a DLC
|c DLC
|d UtOrBLW
|
| 043 |
|
|
|a n-us---
|
| 049 |
|
|
|a TXAM
|c [1561487]
|
| 050 |
0 |
0 |
|a HD5713.6 U54
|b N37
|
| 082 |
0 |
|
|a 331.13/77/0973
|2 19
|
| 100 |
1 |
|
|a Nathan, Richard P.
|
| 245 |
1 |
0 |
|a Public service employment :
|b a field evaluation /
|c Richard P. Nathan, Robert F. Cook, V. Lane Rawlins, and associates.
|
| 264 |
|
1 |
|a Washington, D.C. :
|b Brookings Institution,
|c [1981]
|
| 264 |
|
4 |
|c ©1981
|
| 300 |
|
|
|a xv, 121 pages ;
|c 23 cm.
|
| 336 |
|
|
|a text
|b txt
|2 rdacontent
|
| 337 |
|
|
|a unmediated
|b n
|2 rdamedia
|
| 338 |
|
|
|a volume
|b nc
|2 rdacarrier
|
| 504 |
|
|
|a Includes bibliographical references.
|
| 650 |
|
0 |
|a Public service employment
|z United States.
|
| 700 |
1 |
|
|a Cook, Robert F.,
|d 1943-
|
| 700 |
1 |
|
|a Rawlins, V. Lane.
|
| 710 |
2 |
|
|a Brookings Institution.
|
| 999 |
|
|
|a MARS
|
| 999 |
f |
f |
|s f1217203-b9b4-30ce-8cfe-4dfda637b1e2
|i 78226723-97eb-3239-b1e7-c33e91cd76ee
|t 0
|
| 952 |
f |
f |
|p ric
|a Texas A&M University
|b Rellis Campus
|c Joint Library Facility
|d Remote Storage
|t 0
|e HD5713.6 U54 N37
|h Library of Congress classification
|i unmediated -- volume
|m A14805955053
|
| 998 |
f |
f |
|a HD5713.6 U54 N37
|t 0
|l Remote Storage
|